Wird geladen...
English language teaching:principles and practice
| 1. Verfasser: | |
|---|---|
| Format: | Printed Book |
| Veröffentlicht: |
Hyderabad
Orienty Longman
2006
|
| Schlagworte: |
| LEADER | 00516nam a22001457a 4500 | ||
|---|---|---|---|
| 020 | |a 9788125026556 | ||
| 082 | |a 420.71 |b SAR/E | ||
| 100 | |a Saraswathi,V. | ||
| 245 | |a English language teaching:principles and practice | ||
| 260 | |a Hyderabad |b Orienty Longman |c 2006 | ||
| 300 | |a 174p. | ||
| 650 | |a English language,teaching of | ||
| 942 | |c BK | ||
| 999 | |c 39267 |d 39267 | ||
| 952 | |0 0 |1 0 |4 0 |6 420_710000000000000_SARE |7 0 |8 Stack |9 41746 |a KUCL |b KUCL |c Stack |d 2016-04-22 |g 225.00 |l 1 |o 420.71 SAR/E |p 40564 |r 2019-03-19 |s 2019-01-28 |w 2016-04-22 |y BK | ||